<?xml version="1.0" encoding="UTF-8"?>
<record
    xmlns:xsi="http://www.w3.org/2001/XMLSchema-instance"
    xsi:schemaLocation="http://www.loc.gov/MARC21/slim http://www.loc.gov/standards/marcxml/schema/MARC21slim.xsd"
    xmlns="http://www.loc.gov/MARC21/slim">

  <leader>01100nam a2200265 a 4500</leader>
  <controlfield tag="001">BRCA_4180</controlfield>
  <controlfield tag="005">20190320204556.0</controlfield>
  <controlfield tag="008">300410s1952----sp-a######---#000-0#spa-#</controlfield>
  <datafield tag="041" ind1=" " ind2=" ">
    <subfield code="a">spa</subfield>
  </datafield>
  <datafield tag="044" ind1=" " ind2=" ">
    <subfield code="a">sp</subfield>
  </datafield>
  <datafield tag="050" ind1=" " ind2="4">
    <subfield code="a">NK4123</subfield>
    <subfield code="b">.G66 3</subfield>
    <subfield code="c">1952</subfield>
  </datafield>
  <datafield tag="100" ind1="1" ind2=" ">
    <subfield code="a">Gonz&#xE1;lez Mart&#xED;, Manuel</subfield>
    <subfield code="9">7220</subfield>
  </datafield>
  <datafield tag="245" ind1="1" ind2="0">
    <subfield code="a">Cer&#xE1;mica del levante espa&#xF1;ol</subfield>
    <subfield code="b">siglos medievales</subfield>
    <subfield code="c">por Manuel Gonz&#xE1;lez Mart&#xED;.</subfield>
  </datafield>
  <datafield tag="260" ind1=" " ind2=" ">
    <subfield code="a">Espa&#xF1;a</subfield>
    <subfield code="b">Labor</subfield>
    <subfield code="c">1952</subfield>
  </datafield>
  <datafield tag="300" ind1=" " ind2=" ">
    <subfield code="a">xiv, 697 p. (v.3)</subfield>
    <subfield code="b">il. (algunas a color)</subfield>
    <subfield code="c">28 cm.</subfield>
  </datafield>
  <datafield tag="500" ind1=" " ind2=" ">
    <subfield code="a">Incluye &#xED;ndice bibliogr&#xE1;fico, &#xED;ndice de museos, de colecciones, archivos y bibliotecas, &#xED;ndice de azulejeros y ladrilleros, &#xED;ndice de ladrilleros y documentos in&#xE9;ditos que no se citan en el texto de la obra, &#xED;ndice cronol&#xF3;gico, &#xED;ndice onom&#xE1;stico, &#xED;ndice topon&#xED;mico y vocabulario cer&#xE1;mico</subfield>
  </datafield>
  <datafield tag="500" ind1=" " ind2=" ">
    <subfield code="a">Ejemplar igual a A4 v.3</subfield>
  </datafield>
  <datafield tag="500" ind1=" " ind2=" ">
    <subfield code="a">A111</subfield>
  </datafield>
  <datafield tag="505" ind1="0" ind2=" ">
    <subfield code="a">Contenido: v.3. Azulejos &#xB4;Socarrats&#xB4; y retablos</subfield>
  </datafield>
  <datafield tag="650" ind1="1" ind2="4">
    <subfield code="a">Azulejos espa&#xF1;oles</subfield>
    <subfield code="9">7221</subfield>
  </datafield>
  <datafield tag="650" ind1="1" ind2="4">
    <subfield code="a">Cer&#xE1;mica</subfield>
    <subfield code="x">Historia</subfield>
    <subfield code="z">Espa&#xF1;a</subfield>
    <subfield code="9">2051</subfield>
  </datafield>
  <datafield tag="650" ind1="1" ind2="4">
    <subfield code="a">Cer&#xE1;mica</subfield>
    <subfield code="x">Medieval</subfield>
    <subfield code="9">7222</subfield>
  </datafield>
  <datafield tag="902" ind1=" " ind2=" ">
    <subfield code="a">GFM</subfield>
  </datafield>
  <datafield tag="942" ind1=" " ind2=" ">
    <subfield code="2">lcc</subfield>
    <subfield code="c">B</subfield>
  </datafield>
  <datafield tag="999" ind1=" " ind2=" ">
    <subfield code="c">3896</subfield>
    <subfield code="d">3896</subfield>
  </datafield>
  <datafield tag="952" ind1=" " ind2=" ">
    <subfield code="0">0</subfield>
    <subfield code="1">0</subfield>
    <subfield code="4">0</subfield>
    <subfield code="7">0</subfield>
    <subfield code="a">BRCA</subfield>
    <subfield code="b">BRCA</subfield>
    <subfield code="d">2010-04-30</subfield>
    <subfield code="i">A111</subfield>
    <subfield code="l">0</subfield>
    <subfield code="o">NK4123 .G66 3 1952 (A111)</subfield>
    <subfield code="p">4177</subfield>
    <subfield code="r">2019-03-22 00:00:00</subfield>
    <subfield code="w">2019-03-22</subfield>
    <subfield code="y">B</subfield>
  </datafield>
</record>
